| Tag |
First Indicator |
Second Indicator |
Subfields |
| LEADER |
00000cam a22000008a 4500 |
| 001 |
in00000029283 |
| 005 |
20151007060153.0 |
| 008 |
880307s1988 ne a b 10110 eng |
| 010 |
|
|
|a 88006608
|
| 020 |
|
|
|a 9027727368
|
| 035 |
|
|
|a (OCoLC)17775343
|
| 035 |
|
|
|9 AAC0205AM
|
| 040 |
|
|
|a DLC
|c DLC
|d TXA
|d UtOrBLW
|
| 049 |
|
|
|a TXAM
|c [A11116976]
|
| 050 |
0 |
0 |
|a QA247
|b .N366 1987
|
| 082 |
0 |
|
|a 512/.4
|2 19
|
| 111 |
2 |
|
|a NATO Advanced Research Workshop on Perspectives in Ring Theory
|d (1987 :
|c Antwerp, Belgium)
|
| 245 |
1 |
0 |
|a Perspectives in ring theory /
|c edited by, F. van Oystaeyen and Lieven Le Bruyn.
|
| 263 |
|
|
|a 8807
|
| 264 |
|
1 |
|a Dordrecht ;
|a Boston :
|b Kluwer Academic Publishers,
|c [1988]
|
| 264 |
|
4 |
|c ©1988
|
| 300 |
|
|
|a xvi, 382 pages :
|b illustrations
|
| 336 |
|
|
|a text
|b txt
|2 rdacontent
|
| 337 |
|
|
|a unmediated
|b n
|2 rdamedia
|
| 338 |
|
|
|a volume
|b nc
|2 rdacarrier
|
| 490 |
1 |
|
|a NATO ASI series. Series C, Mathematical and physical sciences ; vol. 233
|
| 500 |
|
|
|a "Proceedings of the NATO Advanced Research Workshop on Perspectives in Ring Theory, Antwerp, Belgium, July 19-29, 1987"--Title page verso.
|
| 500 |
|
|
|a Published in cooperation with NATO Scientific Affairs Division.
|
| 504 |
|
|
|a Includes bibliographies and indexes.
|
| 650 |
|
0 |
|a Rings (Algebra)
|v Congresses.
|
| 700 |
1 |
|
|a Oystaeyen, F. Van,
|d 1947-
|
| 700 |
1 |
|
|a Le Bruyn, Lieven,
|d 1958-
|
| 710 |
2 |
|
|a North Atlantic Treaty Organization.
|b Scientific Affairs Division.
|
| 830 |
|
0 |
|a NATO ASI series.
|n Series C,
|p Mathematical and physical sciences ;
|v no. 233.
|
| 999 |
|
|
|a MARS
|
| 999 |
f |
f |
|s c4048e8e-a027-3f8a-9a34-79753a2979c7
|i f992b95b-5444-35de-96be-8943e2c77d78
|t 0
|
| 952 |
f |
f |
|p ric
|a Texas A&M University
|b Rellis Campus
|c Joint Library Facility
|d Remote Storage
|t 0
|e QA247 .N366 1987
|h Library of Congress classification
|i unmediated -- volume
|m A14811116976
|
| 998 |
f |
f |
|a QA247 .N366 1987
|t 0
|l Remote Storage
|